000 00431cam a22001337a 4500
008 180718b1999 xxu||||| |||| 00| 0 eng d
100 _aAlesina, Alberto
245 _aPublic goods and ethnic divisions
_cby Alerto Alesina, Reza Baquir and William Easterly
260 _aWashington, D.C.
_bWorld Bank
_c1999
300 _a34p.
440 _aPolicy research working paper 2108
700 _aEasterly, William
700 _aBaquir, Reza
999 _c278184
_d278184